[Event "Phuket Blue Chevaliers op 3rd"]
[Site "Phuket"]
[Date "2024.07.26"]
[Round "8"]
[White "Trangia, Jimzon"]
[Black "Sajjapornthep, Jarunpol"]
[Result "1/2-1/2"]
[WhiteElo "2020"]
[BlackElo "1846"]
[PlyCount "114"]
[EventDate "2024.07.21"]
[EventType "swiss"]
[EventRounds "9"]
[EventCountry "THA"]
[SourceTitle "EXT 2025"]
[Source "ChessBase"]
[SourceDate "2024.10.14"]
[SourceVersion "1"]
[SourceVersionDate "2024.10.14"]
[SourceQuality "1"]

1. d4 d5 2. c4 e6 3. Nf3 Nf6 4. g3 c6 5. Bg2 Nbd7 6. 0-0 Bd6 7. Nbd2 0-0 8. Qc2 Re8 9. e4 dxe4 10. Nxe4 Nxe4 11. Qxe4 Nf6 12. Qe2 h6 13. b3 Qc7 14. Bb2 b6 15. Rfd1 Bb7 16. Rd3 Rad8 17. Rad1 c5 18. dxc5 Bxc5 19. Ne5 Bxg2 20. Kxg2 Rxd3 21. Qxd3 Qb7+ 22. f3 Be7 23. Qc3 Rd8 24. Rxd8+ Bxd8 25. b4 Be7 26. b5 a5 27. Qd3 Bc5 28. Bd4 Bxd4 29. Qxd4 Qc7 30. g4 g5 31. h4 Kg7 32. Kh3 Kg8 33. Nc6 Nd7 34. hxg5 hxg5 35. Qe3 Qf4 36. Qxf4 gxf4 37. g5 f5 38. gxf6 Kf7 39. Kg4 Kxf6 40. Kxf4 e5+ 41. Ke4 Ke6 42. Nd8+ Kd6 43. Nf7+ Ke6 44. Ng5+ Kd6 45. Nf7+ Ke6 46. Ng5+ Kd6 47. Kf5 Kc5 48. Nf7 Kd4 49. Ke6 e4 50. fxe4 Nc5+ 51. Kd6 Nxe4+ 52. Kc6 Kxc4 53. Kxb6 Nc3 54. Nd6+ Kb4 55. Kc6 Na4 56. b6 Nxb6 57. Kxb6 Ka3 1/2-1/2

[Event "THA-ch Rapid"]
[Site "Bangkok"]
[Date "2023.12.07"]
[Round "12"]
[White "Kulpruethanon, Thanadon"]
[Black "Sajjapornthep, Jarunpol"]
[Result "1-0"]
[WhiteElo "2187"]
[BlackElo "1807"]
[PlyCount "105"]
[EventDate "2023.12.05"]
[EventType "swiss (rapid)"]
[EventRounds "13"]
[EventCountry "THA"]
[SourceTitle "CBM 217 Extra"]
[Source "ChessBase"]
[SourceDate "2024.01.31"]
[SourceVersion "1"]
[SourceVersionDate "2024.01.31"]
[SourceQuality "1"]

1. Nf3 b6 2. e4 d6 3. d4 Nf6 4. Bd3 Bb7 5. e5 Ne4 6. Qe2 d5 7. 0-0 e6 8. Ne1 Be7 9. f3 Bg5 10. Bxg5 Nxg5 11. h4 h6 12. hxg5 hxg5 13. Nd2 Nc6 14. c3 Qe7 15. Nc2 0-0-0 16. Kf2 g4 17. Ke1 g3 18. f4 f5 19. Nf3 Kb8 20. Kd2 Na5 21. Qe1 c5 22. Qxg3 c4 23. Be2 Nc6 24. Rh1 a5 25. Qg6 Bc8 26. Ng5 Rdf8 27. Rxh8 Rxh8 28. Qf7 Rh2 29. Qxe7 Nxe7 30. Ne3 Rh4 31. g3 Rh2 32. Nf3 Rh3 33. Rg1 Bd7 34. Bf1 Rh8 35. Bg2 Kc7 36. Rh1 Rxh1 37. Bxh1 b5 38. Bg2 Kb6 39. Bh3 g6 40. Ng5 Kc7 41. Bg2 Kd8 42. Nh7 Ke8 43. Nf6+ Kd8 44. Nxd7 Kxd7 45. Bf3 Kc6 46. g4 Kd7 47. gxf5 gxf5 48. Bh5 Nc6 49. Ng2 Ke7 50. Ne1 Nb8 51. Nf3 Nd7 52. Ng5 Nb6 53. Bf7 1-0

[Event "THA-ch Rapid"]
[Site "Bangkok"]
[Date "2023.12.07"]
[Round "13"]
[White "Sajjapornthep, Jarunpol"]
[Black "Nakvanich, Sahapol"]
[Result "0-1"]
[WhiteElo "1807"]
[BlackElo "1746"]
[PlyCount "76"]
[EventDate "2023.12.05"]
[EventType "swiss (rapid)"]
[EventRounds "13"]
[EventCountry "THA"]
[SourceTitle "CBM 217 Extra"]
[Source "ChessBase"]
[SourceDate "2024.01.31"]
[SourceVersion "1"]
[SourceVersionDate "2024.01.31"]
[SourceQuality "1"]

1. c4 Nf6 2. Nc3 e6 3. g3 d5 4. d4 Be7 5. Bg2 0-0 6. Nf3 dxc4 7. Qa4 a6 8. a3 Bd7 9. Qxc4 Bc6 10. 0-0 Nbd7 11. Rd1 Nb6 12. Qb3 h6 13. Qc2 Nbd5 14. Ne5 Be8 15. e4 Nxc3 16. bxc3 c6 17. Be3 Qc7 18. a4 a5 19. Rab1 Rb8 20. Nc4 Nh5 21. Bf3 b5 22. Qb3 f6 23. Nxa5 Bf7 24. Bxh5 Bxh5 25. Qxe6+ Bf7 26. Qxc6 Qxa5 27. axb5 Rfc8 28. Qd7 Rc7 29. Qg4 Rxb5 30. Bxh6 Bf8 31. Ra1 Qb6 32. Ra8 Be6 33. Qg6 Qb7 34. Qe8 Rf7 35. Bf4 Qxe4 36. Bd6 Bd5 37. Qxe4 Bxe4 38. Re1 Bxa8 0-1

[Event "THA-ch Rapid"]
[Site "Bangkok"]
[Date "2023.12.05"]
[Round "3"]
[White "Kledmanee, Darun"]
[Black "Sajjapornthep, Jarunpol"]
[Result "1-0"]
[WhiteElo "1502"]
[BlackElo "1807"]
[PlyCount "177"]
[EventDate "2023.12.05"]
[EventType "swiss (rapid)"]
[EventRounds "13"]
[EventCountry "THA"]
[SourceTitle "CBM 217 Extra"]
[Source "ChessBase"]
[SourceDate "2024.01.31"]
[SourceVersion "1"]
[SourceVersionDate "2024.01.31"]
[SourceQuality "1"]

1. e4 c5 2. Nf3 Nc6 3. d4 cxd4 4. Nxd4 d6 5. Nc3 Nf6 6. Be2 e5 7. Nxc6 bxc6 8. 0-0 Be7 9. Kh1 0-0 10. f4 exf4 11. Bxf4 Be6 12. Bf3 Qd7 13. e5 dxe5 14. Bxe5 Nd5 15. Nxd5 Bxd5 16. Bxd5 Qxd5 17. Qxd5 cxd5 18. Rad1 Rfd8 19. Rf3 f6 20. Bc3 Rd7 21. Rfd3 Rad8 22. Be1 Bc5 23. c4 d4 24. b4 Bb6 25. Bf2 Re8 26. c5 Bc7 27. Rxd4 Rxd4 28. Rxd4 Re2 29. Bg1 Rxa2 30. Rd7 Be5 31. c6 Rc2 32. b5 Rc1 33. g3 a6 34. bxa6 Rxc6 35. a7 Rc8 36. Bb6 Rc1+ 37. Kg2 Rc2+ 38. Kh3 Ra2 39. Rd8+ Kf7 40. a8Q Rxa8 41. Rxa8 g5 42. g4 Kg6 43. Ra7 h5 44. gxh5+ Kxh5 45. Kg2 g4 46. Be3 Kg6 47. h3 gxh3+ 48. Kxh3 Kf5 49. Bf2 Ke4 50. Bg3 Bc3 51. Ra4+ Kd5 52. Kg4 Ke6 53. Ra6+ Kd5 54. Kf5 Bd4 55. Bh4 Be5 56. Bxf6 Bd6 57. Bc3 Bc5 58. Ra5 Kc4 59. Be1 Bd4 60. Ke4 Bb6 61. Ra8 Bg1 62. Rc8+ Kb5 63. Kd5 Kb6 64. Rc1 Be3 65. Rc2 Kb7 66. Kd6 Bf4+ 67. Kd7 Kb6 68. Rc4 Bh2 69. Rh4 Bg1 70. Rh6+ Kb5 71. Kc7 Kc5 72. Rh5+ Kd4 73. Kd6 Ke4 74. Bd2 Bf2 75. Be1 Bg1 76. Ke6 Ba7 77. Rh4+ Kd3 78. Kd5 Ke2 79. Bc3 Kf3 80. Ke5 Bb8+ 81. Kf5 Ke3 82. Rh3+ Ke2 83. Ke4 Kf2 84. Re3 Bc7 85. Bd4 Kg2 86. Re2+ Kh3 87. Be5 Bb6 88. Kf5 Bg1 89. Bf4 1-0

[Event "THA-ch 45th"]
[Site "Ayutthaya"]
[Date "2022.04.09"]
[Round "4"]
[White "Taulananda, Anon"]
[Black "Sajjapornthep, Jarunpol"]
[Result "0-1"]
[WhiteElo "1605"]
[BlackElo "1854"]
[PlyCount "66"]
[EventDate "2022.04.08"]
[EventType "swiss"]
[EventRounds "9"]
[EventCountry "THA"]
[SourceTitle "CBM 207 Extra"]
[Source "ChessBase"]
[SourceDate "2022.05.31"]
[SourceVersion "1"]
[SourceVersionDate "2022.05.31"]
[SourceQuality "1"]

1. d4 d5 2. c4 e6 3. Nf3 Nf6 4. g3 c6 5. Bg2 Bb4+ 6. Bd2 Qa5 7. a3 Bxd2+ 8. Qxd2 Qxd2+ 9. Nbxd2 Nbd7 10. 0-0 h6 11. Rfe1 Ne4 12. Nxe4 dxe4 13. Ne5 f5 14. Red1 Nxe5 15. dxe5 Ke7 16. f4 g5 17. e3 gxf4 18. gxf4 Bd7 19. Kf2 c5 20. b4 Ba4 21. Rd6 Rac8 22. Bf1 b6 23. Ra2 Rhd8 24. Rad2 Rxd6 25. Rxd6 cxb4 26. axb4 Bb3 27. Rd4 a5 28. bxa5 bxa5 29. Ke1 a4 30. Kd2 a3 31. Kc3 a2 32. Kb2 Rb8 33. Ka1 Rg8 0-1

[Event "Bangkok Thailand op"]
[Site "Bangkok"]
[Date "2021.12.16"]
[Round "3"]
[White "Sajjapornthep, Jarunpol"]
[Black "Noel, Nicolas1"]
[Result "1-0"]
[WhiteElo "1865"]
[BlackElo "1500"]
[PlyCount "55"]
[EventDate "2021.12.15"]
[EventType "swiss"]
[EventRounds "9"]
[EventCountry "THA"]
[SourceTitle "CBM 206 Extra"]
[Source "ChessBase"]
[SourceDate "2022.03.31"]
[SourceVersion "1"]
[SourceVersionDate "2022.03.31"]
[SourceQuality "1"]

1. e4 g6 2. c4 Bg7 3. Nc3 d6 4. g3 c5 5. Bg2 Nc6 6. h3 Nf6 7. Nge2 0-0 8. 0-0 a6 9. d3 Rb8 10. Be3 b5 11. Qd2 bxc4 12. dxc4 Ne5 13. b3 Bxh3 14. f3 Bxg2 15. Kxg2 h5 16. Rad1 Qc8 17. Nd5 Nxd5 18. cxd5 Rb4 19. Rb1 Qd7 20. Bh6 Qb5 21. Bxg7 Kxg7 22. Nf4 Rh8 23. Rh1 c4 24. bxc4 Rxc4 25. Rxb5 Rhc8 26. Rb2 Rc3 27. Rf1 Nc4 28. Qxc3+ 1-0

[Event "Bangkok Thailand op"]
[Site "Bangkok"]
[Date "2021.12.15"]
[Round "1"]
[White "Sajjapornthep, Jarunpol"]
[Black "Burbach, Anya Belle"]
[Result "1-0"]
[WhiteElo "1865"]
[BlackElo "1265"]
[PlyCount "69"]
[EventDate "2021.12.15"]
[EventType "swiss"]
[EventRounds "9"]
[EventCountry "THA"]
[SourceTitle "CBM 206 Extra"]
[Source "ChessBase"]
[SourceDate "2022.03.31"]
[SourceVersion "1"]
[SourceVersionDate "2022.03.31"]
[SourceQuality "1"]

1. e4 e5 2. c4 Nc6 3. g3 Bc5 4. Bg2 Nf6 5. h3 d6 6. Ne2 Be6 7. d3 Qd7 8. Bg5 h6 9. Bd2 Nd4 10. Nbc3 c6 11. f4 g6 12. Qc1 h5 13. Nxd4 Bxd4 14. Ne2 Bb6 15. Be3 Nh7 16. d4 d5 17. cxd5 cxd5 18. fxe5 dxe4 19. Qd2 0-0 20. Nc3 Bd5 21. 0-0 Be6 22. Kh2 Rad8 23. Rad1 Bc4 24. Rf2 f5 25. exf6 Nxf6 26. Nxe4 Nd5 27. b3 Bb5 28. Bh6 Rf7 29. Ng5 Rf5 30. Be4 Rxf2+ 31. Qxf2 Nc3 32. Bxg6 Qe7 33. Re1 Ne2 34. Bf7+ Kh8 35. Qf5 1-0

[Event "THA-ch"]
[Site "Bangkok"]
[Date "2021.11.09"]
[Round "9"]
[White "Sajjapornthep, Jarunpol"]
[Black "Kulpruethanon, Thanadon"]
[Result "0-1"]
[WhiteElo "1865"]
[BlackElo "2278"]
[PlyCount "56"]
[EventDate "2021.11.05"]
[EventType "swiss"]
[EventRounds "9"]
[EventCountry "THA"]
[SourceTitle "CBM 205 Extra"]
[Source "ChessBase"]
[SourceDate "2022.01.31"]
[SourceVersion "1"]
[SourceVersionDate "2022.01.31"]
[SourceQuality "1"]

1. e4 c5 2. c4 Nc6 3. Nc3 g6 4. g3 Bg7 5. Bg2 d6 6. h3 e6 7. Nge2 Nge7 8. 0-0 0-0 9. d3 a6 10. Be3 Nd4 11. f4 Rb8 12. g4 f5 13. Qd2 b5 14. Ng3 Qd7 15. Nce2 Nxe2+ 16. Qxe2 bxc4 17. dxc4 Rxb2 18. Qd3 fxg4 19. hxg4 Nc6 20. Rad1 Nd4 21. Rd2 Rxd2 22. Qxd2 Qa4 23. Rc1 Bd7 24. Ne2 Nxe2+ 25. Qxe2 Rb8 26. Qc2 Qa3 27. Qf2 Rb2 28. Qg3 Re2 0-1

[Event "THA-ch"]
[Site "Bangkok"]
[Date "2021.11.08"]
[Round "8"]
[White "Laohawirapap, Prin"]
[Black "Sajjapornthep, Jarunpol"]
[Result "1-0"]
[WhiteElo "2125"]
[BlackElo "1865"]
[PlyCount "113"]
[EventDate "2021.11.05"]
[EventType "swiss"]
[EventRounds "9"]
[EventCountry "THA"]
[SourceTitle "CBM 205 Extra"]
[Source "ChessBase"]
[SourceDate "2022.01.31"]
[SourceVersion "1"]
[SourceVersionDate "2022.01.31"]
[SourceQuality "1"]

1. e4 d6 2. d4 Nf6 3. Nc3 c6 4. f4 Qa5 5. e5 Ne4 6. Qf3 d5 7. Bd3 Bf5 8. Kf1 Nxc3 9. Bxf5 Nb5 10. c3 e6 11. Bc2 g6 12. a4 Nc7 13. b4 Qa6+ 14. Ne2 b5 15. Kf2 Nd7 16. Be3 Qc8 17. h4 h5 18. g4 hxg4 19. Qxg4 Nb6 20. axb5 cxb5 21. Ng3 Kd7 22. h5 gxh5 23. Rxh5 Be7 24. f5 exf5 25. Bxf5+ Ne6 26. Rxh8 Qxh8 27. Rh1 Qg8 28. Rh7 Qxg4 29. Bxg4 Rg8 30. Be2 Nc4 31. Bxc4 bxc4 32. Rxf7 Rf8 33. Rxf8 Bxf8 34. Kf3 Be7 35. Nh5 Nc7 36. Kg4 Nb5 37. Bd2 Bd8 38. Kf5 a5 39. bxa5 Bxa5 40. Nf6+ Kd8 41. Nxd5 Nxd4+ 42. cxd4 Bxd2 43. Ke4 Bc1 44. Ne3 c3 45. Kd3 Bb2 46. Kc2 Kd7 47. Nd1 Ba1 48. Nxc3 Ke6 49. Kd3 Kf5 50. Nd1 Ke6 51. Ke4 Ke7 52. d5 Kd7 53. Ne3 Bb2 54. Nf5 Ba3 55. d6 Kc6 56. Nd4+ Kd7 57. Kd5 1-0

[Event "THA-ch"]
[Site "Bangkok"]
[Date "2021.11.07"]
[Round "6"]
[White "Sajjapornthep, Jarunpol"]
[Black "Suppt Hongs, Paisal"]
[Result "1-0"]
[WhiteElo "1865"]
[BlackElo "1723"]
[PlyCount "109"]
[EventDate "2021.11.05"]
[EventType "swiss"]
[EventRounds "9"]
[EventCountry "THA"]
[SourceTitle "CBM 205 Extra"]
[Source "ChessBase"]
[SourceDate "2022.01.31"]
[SourceVersion "1"]
[SourceVersionDate "2022.01.31"]
[SourceQuality "1"]

1. e4 c5 2. c4 g6 3. Nc3 Bg7 4. Nge2 d6 5. h3 Nc6 6. g3 Bd7 7. Bg2 Rb8 8. 0-0 Qc8 9. Kh2 a6 10. Rb1 Nh6 11. d3 0-0 12. Be3 f5 13. Qd2 Nf7 14. f4 b5 15. b3 Nh6 16. Ng1 Nd4 17. Nf3 b4 18. Bxd4 cxd4 19. Nd5 Qd8 20. Nxb4 Qa5 21. Nd5 Qxd2 22. Nxd2 e6 23. Nc7 Rfc8 24. Nxa6 Rb6 25. exf5 Rxa6 26. fxe6 Bxe6 27. a4 Rc5 28. b4 Rh5 29. a5 Ng4+ 30. Kg1 Ne3 31. g4 Rhxa5 32. bxa5 Nxf1 33. Bxf1 Rxa5 34. Rb6 Bh6 35. g5 Bf8 36. Nb3 Ra2 37. Nxd4 Bf7 38. Rb8 Kg7 39. Rb7 Kg8 40. Rb8 Kg7 41. f5 Ra5 42. f6+ Kg8 43. h4 Rc5 44. Bg2 d5 45. cxd5 Bxd5 46. Bxd5+ Rxd5 47. Ne6 Kf7 48. Nxf8 h5 49. Nh7 Rd7 50. d4 Ra7 51. Kf2 Ra2+ 52. Ke3 Ra3+ 53. Ke4 Ra7 54. Rf8+ Ke6 55. Re8+ 1-0

[Event "THA-ch"]
[Site "Bangkok"]
[Date "2021.11.06"]
[Round "3"]
[White "Khumnorkaew, Tupfah"]
[Black "Sajjapornthep, Jarunpol"]
[Result "1-0"]
[WhiteElo "2123"]
[BlackElo "1865"]
[PlyCount "129"]
[EventDate "2021.11.05"]
[EventType "swiss"]
[EventRounds "9"]
[EventCountry "THA"]
[SourceTitle "CBM 205 Extra"]
[Source "ChessBase"]
[SourceDate "2022.01.31"]
[SourceVersion "1"]
[SourceVersionDate "2022.01.31"]
[SourceQuality "1"]

1. e4 d6 2. d4 Nf6 3. Nc3 c6 4. f3 Nbd7 5. Be3 Qa5 6. Qd2 b5 7. g4 Ba6 8. g5 Nh5 9. Nh3 g6 10. f4 Rd8 11. a3 b4 12. Na2 Bxf1 13. Rxf1 c5 14. axb4 cxb4 15. Qxb4 Qb6 16. Qxb6 axb6 17. Nc3 e6 18. Nf2 Be7 19. Ng4 f5 20. gxf6 Nhxf6 21. Nxf6+ Nxf6 22. Ra6 Rb8 23. f5 exf5 24. exf5 Ng4 25. Nd5 Nxe3 26. Nxe3 0-0 27. Ke2 Bg5 28. fxg6 hxg6 29. Rxf8+ Kxf8 30. Nd5 Bd8 31. Kd3 Kf7 32. Nb4 Rc8 33. d5 Kf6 34. Nc6 b5 35. Na7 Rc5 36. Rxd6+ Ke7 37. Rxg6 Rxd5+ 38. Kc3 Kf7 39. Rh6 Bf6+ 40. Kb3 Kg7 41. Rh3 Rc5 42. Rd3 Be5 43. Rd7+ Kf6 44. Rb7 Bxh2 45. Nxb5 Be5 46. Na3 Rc6 47. Nc4 Bd4 48. c3 Bc5 49. Ka4 Bg1 50. Na5 Rc8 51. c4 Bd4 52. b4 Ke6 53. Kb5 Kd6 54. Rh7 Be3 55. c5+ Kd5 56. Nc4 Rb8+ 57. Nb6+ Ke6 58. Kc6 Bf4 59. b5 Be3 60. Nd5 Bd4 61. Re7+ Kf5 62. b6 Be5 63. b7 Rh8 64. Rxe5+ Kxe5 65. Nb6 1-0

[Event "Bangkok"]
[Site "Bangkok"]
[Date "2021.07.18"]
[Round "7"]
[White "Culasing, Michael"]
[Black "Sajjapornthep, Jarunpol"]
[Result "0-1"]
[WhiteElo "1686"]
[BlackElo "1851"]
[PlyCount "68"]
[EventDate "2021.07.12"]
[EventType "tourn"]
[EventRounds "10"]
[EventCountry "THA"]
[SourceTitle "EXT 2022"]
[Source "ChessBase"]
[SourceDate "2021.10.06"]
[SourceVersion "1"]
[SourceVersionDate "2021.10.06"]
[SourceQuality "1"]

1. Nf3 d6 2. d4 c6 3. e4 Nf6 4. Bd3 Bg4 5. Nbd2 e5 6. h3 Bxf3 7. Nxf3 Nbd7 8. 0-0 Be7 9. c3 Qb6 10. a4 a5 11. Rb1 0-0 12. Be3 Qd8 13. Nd2 d5 14. f4 exd4 15. cxd4 dxe4 16. Nxe4 Nd5 17. Bd2 N7f6 18. Ng5 Qb6 19. Nf3 Rad8 20. Re1 Bd6 21. g3 c5 22. Ne5 c4 23. Bxc4 Qxd4+ 24. Kh1 Bxe5 25. fxe5 Ne4 26. Qc2 Nxd2 27. Rbd1 Nb4 28. Qxd2 Qxd2 29. Rxd2 Rxd2 30. b3 Nd3 31. Re3 Nf2+ 32. Kg1 Nxh3+ 33. Kf1 Ng5 34. Ke1 Rfd8 0-1

[Event "THA-chT"]
[Site "Bangkok"]
[Date "2019.12.17"]
[Round "3.3"]
[White "Samatthanan, Theerath"]
[Black "Sajjapornthep, Jarunpol"]
[Result "0-1"]
[WhiteElo "1394"]
[BlackElo "1847"]
[PlyCount "89"]
[EventDate "2019.12.16"]
[EventType "team-swiss"]
[EventRounds "9"]
[EventCountry "THA"]
[SourceTitle "EXT 2021"]
[Source "ChessBase"]
[SourceDate "2020.10.23"]
[SourceVersion "1"]
[SourceVersionDate "2020.10.23"]
[SourceQuality "1"]
[WhiteTeam "JCA Atomic"]
[BlackTeam "Pattaya Shark"]
[WhiteTeamCountry "THA"]
[BlackTeamCountry "THA"]

1. e4 d6 2. d4 Nf6 3. Nc3 c6 4. f3 Nbd7 5. Be3 g6 6. Qd2 Bg7 7. 0-0-0 b5 8. g4 Qa5 9. Kb1 Nb6 10. h4 h5 11. g5 Nfd7 12. Qf2 b4 13. Nce2 d5 14. Ng3 e6 15. Bg2 Na4 16. N1e2 Ba6 17. Nc1 Bc4 18. Bf1 Ndb6 19. Nb3 Qb5 20. f4 Bxf1 21. Rhxf1 dxe4 22. Nxe4 Nc4 23. Qe2 Na3+ 24. bxa3 Qxe2 25. Rfe1 Qg2 26. Nd6+ Ke7 27. Rg1 Qd5 28. Nb7 Nc3+ 29. Kb2 Nxd1+ 30. Rxd1 bxa3+ 31. Kxa3 a5 32. Bd2 Bxd4 33. Bxa5 Rxa5+ 34. N7xa5 Bc5+ 35. Nxc5 Qxc5+ 36. Kb2 Qxa5 37. Rd3 Rb8+ 38. Rb3 Rxb3+ 39. cxb3 Qb4 40. a3 Qd2+ 41. Kb1 Qxf4 42. b4 Qd2 43. Ka1 e5 44. Kb1 e4 45. Ka1 0-1

[Event "Pattaya op"]
[Site "Pattaya"]
[Date "2019.10.24"]
[Round "2"]
[White "Sajjapornthep, Jarunpol"]
[Black "Yaniuk, Volodymyr"]
[Result "1/2-1/2"]
[WhiteElo "1856"]
[BlackElo "2153"]
[PlyCount "87"]
[EventDate "2019.10.23"]
[EventType "swiss"]
[EventRounds "9"]
[EventCountry "THA"]
[SourceTitle "CBM 195 Extra"]
[Source "ChessBase"]
[SourceDate "2020.05.31"]
[SourceVersion "1"]
[SourceVersionDate "2020.05.31"]
[SourceQuality "1"]

1. c4 e5 2. Nc3 Nf6 3. e4 Nc6 4. d3 Bc5 5. g3 d6 6. h3 0-0 7. Bg2 Be6 8. Nge2 Nd7 9. 0-0 f5 10. Nd5 fxe4 11. dxe4 Nd4 12. Nxd4 Bxd4 13. h4 c6 14. Bg5 Nf6 15. Nxf6+ gxf6 16. Bh6 Rf7 17. Qe2 Qb6 18. Rab1 Kh8 19. Kh2 Rg8 20. Bh3 Bxh3 21. Kxh3 Rg6 22. Be3 Bxe3 23. Qxe3 Qxe3 24. fxe3 Rfg7 25. Rf3 d5 26. cxd5 cxd5 27. exd5 e4 28. h5 Rg5 29. Rxf6 Rxg3+ 30. Kh2 Rg2+ 31. Kh1 Rg8 32. Rf8 Rd2 33. Rxg8+ Kxg8 34. Rg1+ Kf7 35. h6 Rxb2 36. Rg7+ Kf6 37. d6 Rxa2 38. Rxh7 Kg6 39. Rxb7 Kxh6 40. Rb4 Rf2 41. Rxe4 Rf8 42. Kg2 Kg5 43. Rd4 Rd8 44. Kf3 1/2-1/2

[Event "THA-ch"]
[Site "Bangkok"]
[Date "2019.05.04"]
[Round "8"]
[White "Sajjapornthep, Jarunpol"]
[Black "Wongsawan, Thoetsak"]
[Result "0-1"]
[WhiteElo "1872"]
[BlackElo "1842"]
[PlyCount "108"]
[EventDate "2019.05.01"]
[EventType "swiss"]
[EventRounds "9"]
[EventCountry "THA"]
[SourceTitle "CBM 190 Extra"]
[Source "ChessBase"]
[SourceDate "2019.07.15"]
[SourceVersion "1"]
[SourceVersionDate "2019.07.15"]
[SourceQuality "1"]

1. c4 c5 2. Nc3 Nc6 3. g3 g6 4. e4 Bg7 5. Nge2 e6 6. Bg2 Nge7 7. d3 0-0 8. Be3 Nd4 9. Qd2 d6 10. 0-0 Qd7 11. Bxd4 cxd4 12. Nb5 Nc6 13. Bh3 a6 14. Na3 b6 15. Nc2 Bb7 16. Nb4 Ne7 17. Nd5 Qd8 18. Nxe7+ Qxe7 19. Qb4 Rab8 20. Rac1 f5 21. exf5 gxf5 22. Rce1 Be5 23. f4 Bg7 24. b3 Kh8 25. Bg2 Bxg2 26. Kxg2 b5 27. Ng1 bxc4 28. Qxc4 Qb7+ 29. Nf3 e5 30. fxe5 dxe5 31. Kg1 Rbc8 32. Qe6 Rce8 33. Qc4 Bh6 34. h3 Qg7 35. Kh2 Rc8 36. Qd5 Rc2+ 37. Kh1 Bf4 38. Rg1 Bxg3 39. Rxe5 Qxe5 40. Qxe5+ Bxe5 41. Nxe5 Rxa2 42. Nc6 Rd2 43. Ne5 Re2 44. Nd7 Rf7 45. Nc5 a5 46. Ra1 Rg7 47. Rxa5 Rg3 48. h4 f4 49. Ra8+ Kg7 50. Ra7+ Kh6 51. Ra6+ Kh5 52. Ne6 Kg4 53. Nxd4 Re1+ 54. Kh2 Rxd3 0-1

[Event "THA Amatuer-ch"]
[Site "Thailand"]
[Date "2019.02.18"]
[Round "4"]
[White "Klubwong, Prakarn"]
[Black "Sajjapornthep, Jarunpol"]
[Result "1/2-1/2"]
[WhiteElo "1826"]
[BlackElo "1872"]
[PlyCount "120"]
[EventDate "2019.02.16"]
[EventType "swiss"]
[EventRounds "7"]
[EventCountry "THA"]
[SourceTitle "CBM 189 Extra"]
[Source "ChessBase"]
[SourceDate "2019.05.31"]
[SourceVersion "1"]
[SourceVersionDate "2019.05.31"]
[SourceQuality "1"]

1. Nf3 d6 2. d4 c6 3. g3 Nf6 4. Bg2 Nbd7 5. 0-0 g6 6. c4 Bg7 7. Nc3 0-0 8. b3 b6 9. Bb2 Bb7 10. Qd2 Qc7 11. Rfd1 e6 12. Rac1 Rad8 13. d5 exd5 14. cxd5 c5 15. Qc2 a6 16. a4 Rde8 17. Nd2 Ne5 18. Nc4 Bc8 19. Re1 Qb8 20. h3 Rd8 21. Kh2 b5 22. axb5 axb5 23. Nxe5 dxe5 24. e4 Rfe8 25. Bf1 Bd7 26. Qe2 b4 27. Nb1 Rc8 28. Nd2 Bh6 29. Rc2 Bxd2 30. Qxd2 Bb5 31. Bxb5 Qxb5 32. Qe2 Qxe2 33. Rexe2 Nd7 34. f4 f6 35. Bc1 Ra8 36. Be3 Ra5 37. Kg2 Rc8 38. Ra2 Rca8 39. Rxa5 Rxa5 40. Rc2 Kf7 41. g4 Ke7 42. Kf2 Kd6 43. Bc1 Nb6 44. Ke3 Ra1 45. g5 exf4+ 46. Kxf4 fxg5+ 47. Kxg5 Rb1 48. Bf4+ Ke7 49. Rxc5 Rxb3 50. Rc7+ Kd8 51. Rxh7 Nd7 52. e5 Rd3 53. d6 Nc5 54. Rh8+ Kd7 55. Kxg6 b3 56. Rb8 Rxh3 57. Kf5 Rf3 58. Kg4 Rd3 59. Kf5 Rf3 60. Kg4 Rd3 1/2-1/2

[Event "THA Amatuer-ch"]
[Site "Thailand"]
[Date "2019.02.18"]
[Round "3"]
[White "Sajjapornthep, Jarunpol"]
[Black "Mekarapiruk, Chawit"]
[Result "1-0"]
[WhiteElo "1872"]
[BlackElo "1586"]
[PlyCount "155"]
[EventDate "2019.02.16"]
[EventType "swiss"]
[EventRounds "7"]
[EventCountry "THA"]
[SourceTitle "CBM 189 Extra"]
[Source "ChessBase"]
[SourceDate "2019.05.31"]
[SourceVersion "1"]
[SourceVersionDate "2019.05.31"]
[SourceQuality "1"]

1. c4 e6 2. Nc3 Nf6 3. g3 d5 4. d4 Be7 5. Bg5 h6 6. Bxf6 Bxf6 7. cxd5 exd5 8. Bg2 c6 9. e3 0-0 10. Nge2 Bf5 11. 0-0 Re8 12. b4 a6 13. a4 Nd7 14. Nf4 b5 15. Nd3 Nb6 16. Nc5 Be7 17. Re1 Bxc5 18. bxc5 Nc4 19. axb5 axb5 20. Re2 Rxa1 21. Qxa1 Qf6 22. Ra2 Kh7 23. Ra6 Re6 24. Ne2 g5 25. Qc3 Be4 26. Bxe4+ Rxe4 27. Kg2 Kg7 28. h3 h5 29. Qd3 Re6 30. h4 Nb2 31. Qb1 Nc4 32. hxg5 Qxg5 33. Nf4 Rf6 34. Qh1 Rh6 35. Qh4 Qxh4 36. gxh4 b4 37. Ra4 b3 38. Rb4 b2 39. Rb7 Kf6 40. Kg3 Rh8 41. Nd3 Rg8+ 42. Kh3 Rg1 43. Nxb2 Rb1 44. Nxc4 Rxb7 45. Ne5 Rc7 46. Kg3 Kf5 47. Kf3 f6 48. Nd3 Rb7 49. Nf4 Rh7 50. Ne2 Rg7 51. Ng3+ Kg6 52. Kf4 Rb7 53. Nf5 Ra7 54. f3 Rb7 55. e4 dxe4 56. fxe4 Ra7 57. Ke3 Ra3+ 58. Kf4 Kf7 59. d5 cxd5 60. exd5 Ra4+ 61. Ke3 Ra3+ 62. Ke4 Ra4+ 63. Nd4 Ke7 64. Kd3 Kd7 65. Ke4 Rb4 66. d6 f5+ 67. Kd5 Ra4 68. c6+ Ke8 69. Nxf5 Ra1 70. Ng7+ Kd8 71. Ne6+ Ke8 72. d7+ Kf7 73. d8Q Rd1+ 74. Nd4 Rc1 75. Qd7+ Kg8 76. Qe8+ Kh7 77. Qf7+ Kh8 78. Qxh5+ 1-0

[Event "THA Amatuer-ch"]
[Site "Thailand"]
[Date "2019.02.16"]
[Round "2"]
[White "Sakboon, Harit"]
[Black "Sajjapornthep, Jarunpol"]
[Result "1/2-1/2"]
[WhiteElo "1549"]
[BlackElo "1872"]
[PlyCount "143"]
[EventDate "2019.02.16"]
[EventType "swiss"]
[EventRounds "7"]
[EventCountry "THA"]
[SourceTitle "CBM 189 Extra"]
[Source "ChessBase"]
[SourceDate "2019.05.31"]
[SourceVersion "1"]
[SourceVersionDate "2019.05.31"]
[SourceQuality "1"]

1. f4 d5 2. b3 Nf6 3. Nf3 Bf5 4. e3 e6 5. Bb2 Nbd7 6. Be2 Bc5 7. Nh4 0-0 8. Nxf5 exf5 9. Bd3 Ne4 10. Qh5 Re8 11. Bxe4 g6 12. Qe2 fxe4 13. 0-0 Nf6 14. Nc3 a6 15. Qe1 d4 16. Nd1 Ng4 17. h3 Nh6 18. g4 f6 19. Qf2 dxe3 20. dxe3 Nf7 21. Nc3 c6 22. Na4 Ba7 23. Rad1 Qe7 24. Bd4 b5 25. Nc3 Rad8 26. Bxa7 Qxa7 27. Rxd8 Rxd8 28. Nxe4 Qe7 29. Nc3 Qb4 30. Nb1 Rd5 31. Qe1 Qe7 32. Rf2 Nd6 33. Nc3 Rc5 34. Qd2 a5 35. Qd4 Ne8 36. a3 b4 37. axb4 axb4 38. Qe4 Kf7 39. Qxe7+ Kxe7 40. Ne4 Ra5 41. Rf1 f5 42. gxf5 gxf5 43. Ng5 Nf6 44. Rc1 Rc5 45. Nf3 Ne4 46. Kf1 Rc3 47. Ke2 Kf6 48. Ne1 Kg6 49. Ra1 Rc5 50. Ra6 Kh5 51. Rb6 Rd5 52. Nf3 c5 53. Rb7 h6 54. Re7 Nc3+ 55. Kf2 Ne4+ 56. Ke2 Nc3+ 57. Kf2 Ne4+ 58. Kg2 Nd2 59. Re5 Rxe5 60. Nxe5 Ne4 61. Nd3 Kh4 62. Ne5 Kh5 63. Nf7 Kg6 64. Ne5+ Kh5 65. Nf3 Kg6 66. Nh4+ Kf6 67. Kf3 Nd6 68. Ke2 Ke6 69. Nf3 Kd5 70. Ne5 Ke6 71. Kd3 Kd5 72. Ke2 1/2-1/2